000 01076nam0a2200313 4500
001 RU\NLR\bibl\1114702
005 20250615062851.0
010 _a978-5-699-21871-4
_94000
021 _aRU
_b2007-42487
_92275
035 _a(NLR Aleph) 001101712
090 _a1182439
_c1182439
100 _a20070803d2007 |||y0rusy50 ca
101 0 _arus
102 _aRU
105 _aa |||||||||
200 1 _aТ-26
_eтяжелая судьба легкого танка
_fМаксим Коломиец
210 _aМосква
_cЯуза [и др.]
_d2007
215 _a125, [1] с., [4] л. цв. ил.
_cил.
_d27
320 _aБиблиогр. в конце кн. (9 назв.)
606 0 _aТ-26, легкие танки
_92299527
_3RU\NLR\auth\661376792
686 _aЦ531.11
700 1 _4070
_aКоломиец
_bМ. В.
_f1968-
_gМаксим Викторович
_9133652
_3RU\NLR\AUTH\770133686
801 0 _aRU
_bNLR
_c20070803
_gRCR
801 1 _aRU
_bNLR
_c20070803
830 _aавт. по кн.
942 _cBOOK
980 _aNB